| 000 | 01152nmc a2200397 a 4500 | ||
|---|---|---|---|
| 003 | AR-BaBNM | ||
| 005 | 20251128210157.0 | ||
| 008 | 269019s1998 ||||||||||||||000 | spa|| | ||
| 020 | _a968-18-5671-6 | ||
| 040 | _cAR-BaBNM | ||
| 245 | 1 | 0 | _aLa educación tecnológica en el mundo |
| 250 | _a1ª ed. | ||
| 260 |
_aMéxico, D.F. _bLimusa _bColegio Nacional de Educación Profesional Técnica _c1998 |
||
| 300 | 0 |
_a380 p. _btablas, gráfs. |
|
| 490 | 0 | _aReflexión y análisis | |
| 500 | 0 | _aContiene información sobre los autores p. 379-380 | |
| 504 | _aContiene bibliografía al final de cada capítulo | ||
| 650 | 4 | _aPROGRAMAS DE INICIACION TECNOLOGICA | |
| 650 | 4 | _aFORMACION PROFESIONAL | |
| 650 | 4 | _aTECNOLOGIA | |
| 650 | 4 | _aPROGRESO TECNOLOGICO | |
| 651 | 4 | _aMéxico | |
| 651 | 4 | _aJapón | |
| 651 | 4 | _aFrancia | |
| 651 | 4 | _aEstados Unidos | |
| 651 | 4 | _aEspaña | |
| 651 | 4 | _aCanadá | |
| 651 | 4 | _aAustralia | |
| 651 | 4 | _aAlemania | |
| 651 | 4 | _aSingapur | |
| 653 | _aENSENANZA DE LA TECNOLOGIA | ||
| 653 | _aEDUCACION TECNOLOGICA | ||
| 700 | 1 |
_aArgüelles, Antonio _ecompilador |
|
| 942 | _cBK | ||
| 998 | _cRaquel | ||
| 999 |
_c14392 _d14392 |
||